|
|
|
|
| LEADER |
01277nam a2200265 u 4500 |
| 001 |
10119501 |
| 003 |
upatras |
| 005 |
20211007131236.0 |
| 008 |
160318s2014 gr gre |
| 020 |
|
|
|a 960805088X
|
| 040 |
|
|
|a GR-PaULI
|c GR-PaULI
|
| 041 |
0 |
|
|a gre
|
| 082 |
0 |
4 |
|a 005.807 6
|
| 100 |
1 |
|
|a Πομπόρτσης, Ανδρέας Σ.
|4 aut
|9 22501
|
| 245 |
1 |
0 |
|a Ασφάλεια δικτύων υπολογιστών
|c Πομπόρτσης Ανδρέας και Παπαδημητρίου Γεώργιος
|
| 260 |
|
|
|a Θεσσαλονίκη
|b Τζιόλα
|c 2014
|
| 300 |
|
|
|a 279 σ.
|b σχήμ.
|c 25 εκ.
|
| 504 |
|
|
|a Περιλαμβάνει βιβλιογραφία και ευρετήριο
|
| 650 |
|
4 |
|a Ηλεκτρονικοί υπολογιστές
|x Δίκτυα
|x Μέτρα ασφαλείας
|9 76063
|
| 700 |
1 |
|
|a Παπαδημητρίου, Γεώργιος Ι.,
|d 1966-
|9 111891
|
| 852 |
|
|
|a GR-PaULI
|b ΠΑΤΡΑ
|b ΒΚΠ
|b ΒΣ1
|k ΑΣΧΕ
|h 005.807 6 ΠΟΜ
|m 134776
|p 025000251581
|t 1
|
| 942 |
|
|
|2 ddc
|c BK15
|
| 952 |
|
|
|0 0
|1 0
|4 0
|6 005_807000000000000_6_ΠΟΜ
|7 0
|9 190453
|a LISP
|b LISP
|c BSC
|d 2016-04-24
|i 134776
|l 1
|m 1
|o 005.807 6 ΠΟΜ
|p 025000251581
|r 2018-01-22 00:00:00
|s 2017-12-15
|t 1
|w 2016-04-24
|y BK15
|
| 998 |
|
|
|c ΒΑΣΙΛΕΙΟΥ
|d 2016-03
|
| 999 |
|
|
|c 117297
|d 117297
|